| 000 | 00927cam a2200241 4500 | ||
|---|---|---|---|
| 001 | sa 68016552 | ||
| 003 | DLC | ||
| 005 | 20260227112655.0 | ||
| 008 | 700720s1964 ii 000 0 eng | ||
| 010 | _asa 68016552 | ||
| 025 | _aPL480:I-E-10224 | ||
| 040 |
_aDLC _cDLC _dDLC _dMoSU-L |
||
| 050 | 0 | 0 |
_aDS479.1.R32 _bA65 1964 |
| 100 | 1 |
_aAmbedkar, B. R. _q(Bhimrao Ramji), _d1891-1956. |
|
| 245 | 1 | 0 |
_aRanade, Gandhi, & Jinnah; _baddress delivered on the 101st birthday celebration of Mahadev Govind Ranade, help [sic] on the 18th January 1943 in the Gokhale Memorial Hall, Poona, _cby B. R. Ambedkar. |
| 260 |
_aJullundur City, India, _bBheem Patrika Publications, _c1964. |
||
| 300 |
_aiv, 64 p. _c16 cm. |
||
| 350 | _a2.00 | ||
| 600 | 1 | 0 |
_aRanade, Mahadev Govīnd, _cRao Bahadur, _d1842-1901. |
| 600 | 1 | 0 |
_aGandhi, _cMahatma, _d1869-1948. |
| 600 | 1 | 0 |
_aJinnah, Mahomed Ali, _d1876-1948. |
| 740 | 0 | _aRanade, Gandhi, and Jinnah. | |
| 999 |
_c87170 _d87170 |
||